000 00392nam a2200133Ia 4500
005 20260326100025.0
008 260326s9999||||xx |||||||||||||| ||und||
100 _aCorradine Angulo, Alberto
245 0 _aRaíces Hispánicas de la Arquitectura en Colombia /
_cAlberto Corradine Angulo
260 _bFondo Cultural Cafetero
300 _a130 p.
650 _aARQUITECTURA REGIONAL
942 _cBK
999 _c6338
_d6338